000 00679nam a2200133Ia 4500
008 171212s9999 xx 000 0 und d
020 _a9781925022346
100 _aBoucher, Leigh;Russell, Lynette
245 _cBoucher, Leigh;Russell, Lynette
_aSettler Colonial Governance in Nineteenth-Century Victoria
260 _bANU E Press
_c2015
650 _aAboriginal Australians -- Victoria -- Government relations -- History; Aboriginal Australians -- Government policy -- Victoria -- History; Aboriginal Australians, Treatment of -- Victoria -- History; Victoria -- Politics and government -- 19th century
650 _aHistory
856 _uhttp://www.jstor.org/stable/j.ctt1657v4w
999 _c351306
_d351306